000 00627nam a2200229Ia 4500
003 OSt
005 20221007075310.0
006 a|||||r|||| 00| 0
007 ta
008 221006b |||||||| |||| 00| 0 eng d
024 _a12,540
037 _cTextual
040 _aFLL
_cFLL
_beng
041 _2eng
_aeng
082 _aV2,8.N47, L9
100 _aChailley Joseph Au.
_9693748
245 0 _aAdministrative problems of British India
260 _aNew Delhi
_bFAB pub. India
_c1979
300 _axxviii,590p
_ccm.
942 _hV2,8.N47, L9
_cTEXL
_2CC
999 _c1155523
_d1155523